书目信息 |
| 题名: |
饮食男女
|
|
| 作者: | 蔡澜 著 | |
| 分册: | ||
| 出版信息: | 广州 广东人民出版社 2017 |
|
| 页数: | 317页 | |
| 开本: | 22cm | |
| 丛书名: | ||
| 单 册: | ||
| 中图分类: | TS971.2(2) , TS971.2 | |
| 科图分类: | ||
| 主题词: | 饮食--文化--中国 | |
| 电子资源: | ||
| ISBN: | 978-7-218-12368-4 | |
| 000 | 00798nam0 2200229 450 | |
| 001 | 5266 | |
| 005 | 20180528200045.61 | |
| 010 | @a978-7-218-12368-4@b精装@dCNY69.00 | |
| 100 | @a20180412d2017 em y0chiy50 ea | |
| 101 | 0 | @achi |
| 102 | @aCN@b440000 | |
| 105 | @ay z 000yy | |
| 200 | 1 | @a饮食男女@9yin shi nan nv@f蔡澜著 |
| 210 | @a广州@c广东人民出版社@d2017 | |
| 215 | @a317页@d22cm | |
| 330 | @a本书精选了蔡澜写饮食男女的文章。蔡澜是著名的美食家,曾从事电影工作,又在文艺界有许多朋友。书中所选是关于美食和情感的文章。话题从未涉及政治问题,而是生动地讲述饮食和爱情故事。全书并配有大量精美的图片。 | |
| 606 | 0 | @a饮食@x文化@y中国 |
| 690 | @aTS971.2(2)@v5 | |
| 690 | @aTS971.2@v4 | |
| 701 | 0 | @a蔡澜@9cai lan@f(1941-)@4著 |
| 801 | 0 | @aCN@b91MARC@c20180412 |
| 905 | @aMuseLib@dTS971.2@e496 | |
| 饮食男女/蔡澜著.-广州:广东人民出版社,2017 |
| 317页;22cm |
| ISBN 978-7-218-12368-4(精装):CNY69.00 |
| 本书精选了蔡澜写饮食男女的文章。蔡澜是著名的美食家,曾从事电影工作,又在文艺界有许多朋友。书中所选是关于美食和情感的文章。话题从未涉及政治问题,而是生动地讲述饮食和爱情故事。全书并配有大量精美的图片。 |
| ● |
| 相关链接 |
|
|
|
|
正题名:饮食男女
索取号:TS971.2/496
 
预约/预借
| 序号 | 登录号 | 条形码 | 馆藏地/架位号 | 状态 | 备注 |
| 1 | 1112631 | 211126315 | 第二样本阅览室/ [索取号:TS971.2/496] | 在馆 | |
| 2 | 1112632 | 211126324 | 教育系资料室/ [索取号:TS971.2/496] | 在馆 | |
| 3 | 1112633 | 211126333 | 教育系资料室/ [索取号:TS971.2/496] | 在馆 | |
| 4 | 1112634 | 211126342 | 第三借阅区/ [索取号:TS971.2/496] | 在馆 |